Ustanovení obchodního zákoníku o účetnictví

Otázky účtovníctva podnikateľov v Obchodnom zákonníku ČR v prvej časti v samostatnej hlave IV ­ 35 - 40. Problematické paragrafy 36 a 37 o kategorizácii podnikateľov. Výklad týchto paragrafov. Analýza 15 rôznych ustanovení zákonníka, v ktorých sa vyskytuje výraz účtovná závierka. Poznatky z analýzy....

Full description

Saved in:
Bibliographic Details
Main Author: Bernat, F.
Format: Book Chapter
Language:Czech
Subjects:
Tags: Add Tag
No Tags, Be the first to tag this record!

MARC

LEADER 00000naa a2200000 4500
001 r015264
005 20221213083416.3
041 0 |a cze 
044 |a CZ 
245 1 0 |a Ustanovení obchodního zákoníku o účetnictví  |c F. Bernat 
520 |a Otázky účtovníctva podnikateľov v Obchodnom zákonníku ČR v prvej časti v samostatnej hlave IV ­ 35 - 40. Problematické paragrafy 36 a 37 o kategorizácii podnikateľov. Výklad týchto paragrafov. Analýza 15 rôznych ustanovení zákonníka, v ktorých sa vyskytuje výraz účtovná závierka. Poznatky z analýzy. Analýza vzťahov medzi obchodným zákonníkom a zákonom o účtovníctve. 
610 2 0 |a účtovníctvo 
610 2 0 |a podnikatelia 
610 2 0 |a zákonník obchodný 
610 2 0 |a Česko 
610 2 0 |a závierka účtovná 
610 2 0 |a zisk 
610 2 0 |a strata 
100 1 |a Bernat, F.